Kaisha kōseihō yōsetsu / (Record no. 34899)
[ view plain ]
| 000 -LEADER | |
|---|---|
| fixed length control field | 00772cam a2200253 a 4500 |
| 001 - CONTROL NUMBER | |
| control field | j 60002208 |
| 003 - CONTROL NUMBER IDENTIFIER | |
| control field | DLC |
| 005 - DATE AND TIME OF LATEST TRANSACTION | |
| control field | 20260227111518.0 |
| 008 - FIXED-LENGTH DATA ELEMENTS--GENERAL INFORMATION | |
| fixed length control field | 120217s1952 ja l 000 0 jpn |
| 010 ## - LIBRARY OF CONGRESS CONTROL NUMBER | |
| LC control number | j 60002208 |
| 040 ## - CATALOGING SOURCE | |
| Original cataloging agency | DLC |
| Transcribing agency | DLC |
| Modifying agency | DLC |
| 042 ## - AUTHENTICATION CODE | |
| Authentication code | pcc |
| 043 ## - GEOGRAPHIC AREA CODE | |
| Geographic area code | a-ja--- |
| 050 00 - LIBRARY OF CONGRESS CALL NUMBER | |
| Classification number | KNX1147 |
| Item number | .I56 1952 |
| 066 ## - CHARACTER SETS PRESENT | |
| Alternate G0 or G1 character set | $1 |
| 100 1# - MAIN ENTRY--PERSONAL NAME | |
| Linkage | 880-01 |
| Personal name | Inoki, Masuo, |
| Dates associated with a name | 1911- |
| 245 10 - TITLE STATEMENT | |
| Linkage | 880-02 |
| Title | Kaisha kōseihō yōsetsu / |
| Statement of responsibility, etc. | Inoki Masuo cho. |
| 260 ## - PUBLICATION, DISTRIBUTION, ETC. | |
| Linkage | 880-03 |
| Place of publication, distribution, etc. | Tōkyō : |
| Name of publisher, distributor, etc. | Gakuyō Shobō, |
| Date of publication, distribution, etc. | 1952. |
| 300 ## - PHYSICAL DESCRIPTION | |
| Extent | 2, 7, 287 p. ; |
| Dimensions | 22 cm. |
| 650 #0 - SUBJECT ADDED ENTRY--TOPICAL TERM | |
| Topical term or geographic name entry element | Corporate reorganizations |
| Geographic subdivision | Japan. |
| 880 1# - ALTERNATE GRAPHIC REPRESENTATION | |
| Linkage | 100-01/$1 |
| a | 位野木益雄, |
| d | 1911- |
| 880 10 - ALTERNATE GRAPHIC REPRESENTATION | |
| Linkage | 245-02 |
| a | 会社更生法要說 / |
| c | 位野木益雄著. |
| 880 ## - ALTERNATE GRAPHIC REPRESENTATION | |
| Linkage | 260-03 |
| a | 東京 : |
| b | 学陽書房, |
| c | 1952. |
No items available.